000
00305nam a2200133Ia 4500
100
_a
Heine/ R.W./ Rosenthal/ P.C.
942
_c
BK
654
_a
Casting
245
_a
Principles of Metal Casting
260
_b
Tata Mc Graw hill
_a
New Delhi
_c
1980
082
_a
671.2
300
_a
736
546
_a
ENGLISH
999
_c
25278
_d
25278